Inclusive finance India report 2014 / (Record no. 91336)

MARC details
000 -LEADER
fixed length control field 00594nam a22001937a 4500
010 ## - LCCN (DPL NO)
LC control number ENG-112142
020 ## - INTERNATIONAL STANDARD BOOK NUMBER
International Standard Book Number 9780199458295
Terms of availability 675.00
020 ## - INTERNATIONAL STANDARD BOOK NUMBER
International Standard Book Number 0199458294
Terms of availability 675.00
035 ## - SYSTEM CONTROL NUMBER
System control number EN-95674
037 ## - SOURCE OF ACQUISITION
Source of stock number/acquisition DBAD/PUB
082 ## - DEWEY DECIMAL CLASSIFICATION NUMBER
Classification number 332
100 ## - MAIN ENTRY--PERSONAL NAME
Personal name Nair, Tara
245 ## - TITLE STATEMENT
Title Inclusive finance India report 2014 /
Statement of responsibility, etc by Tara Nair [and] Ajay Tankha
260 ## - PUBLICATION, DISTRIBUTION, ETC. (IMPRINT)
Place of publication, distribution, etc New Delhi
Name of publisher, distributor, etc Oxford University Press
Date of publication, distribution, etc 2015
270 ## - ADDRESS
Address YMCA Library Building, 1, Jai Singh Road,
City New Delhi
Postal code 110001
300 ## - PHYSICAL DESCRIPTION
Extent xv,168p.:
Dimensions 30cm(pbk)
700 ## - ADDED ENTRY--PERSONAL NAME
Personal name Tankha, Ajay
942 ## - ADDED ENTRY ELEMENTS (KOHA)
Source of classification or shelving scheme Dewey Decimal Classification
Item type English Books
Call number suffix NAI
Classification part 332
Holdings
Withdrawn status Lost status Not for loan Collection code Home library Current library Date acquired Source of acquisition Cost, normal purchase price Full call number Barcode Copy number Cost, replacement price Koha item type
    Not For Loan Non-fiction D.B.Act.Division D.B.Act.Division 10/02/2015 DBAD/PUB 675.00 332 NAI EN-95674 1 675.00 English Books

© Delhi Public Library
Hit Counter
free hit counter